000 00182 a2200097 4500
020 _a9780439024549
041 _aeng
100 _aMercer Mayer
245 _aI JUST Forgot
942 _cK
999 _c27829
_d27829